Leadership as lunacy : and other metaphors for educational leadership (Record no. 85973)

MARC details
000 -LEADER
fixed length control field 00758 a2200241 4500
003 - CONTROL NUMBER IDENTIFIER
control field CBULib
005 - DATE AND TIME OF LATEST TRANSACTION
control field 20250130093805.0
008 - FIXED-LENGTH DATA ELEMENTS--GENERAL INFORMATION
fixed length control field 250130b |||||||| |||| 00| 0 eng d
020 ## - INTERNATIONAL STANDARD BOOK NUMBER
International Standard Book Number 9781412974271
040 ## - CATALOGING SOURCE
Language of cataloging English
Transcribing agency CBULib
Description conventions rda
050 ## - LIBRARY OF CONGRESS CALL NUMBER
Classification number LB 2806 Lum
100 ## - MAIN ENTRY--PERSONAL NAME
Personal name Lumby, Jacky
245 ## - TITLE STATEMENT
Title Leadership as lunacy : and other metaphors for educational leadership
Statement of responsibility, etc / by Jacky Lumby
260 ## - PUBLICATION, DISTRIBUTION, ETC. (IMPRINT)
Name of publisher, distributor, etc SAGE,
Date of publication, distribution, etc 2010
Place of publication, distribution, etc Thousand Oaks :
300 ## - PHYSICAL DESCRIPTION
Extent xiv, 156 pages
336 ## - CONTENT TYPE
Source rdacontent
Content type term Text |
Content type code txt
337 ## - MEDIA TYPE
Source rdamedia
Media type term Unmediated |
Media type code n
338 ## - CARRIER TYPE
Source rdacarrier
Carrier type term Volume
Carrier type code nc
500 ## - GENERAL NOTE
General note Includes bibliographical references and index.<br/>
650 #0 - SUBJECT ADDED ENTRY--TOPICAL TERM
9 (RLIN) 3761
Topical term or geographic name as entry element EDUCATIONAL LEADERSHIP
700 ## - ADDED ENTRY--PERSONAL NAME
9 (RLIN) 4325
Personal name Fenwick W. English.
942 ## - ADDED ENTRY ELEMENTS (KOHA)
Source of classification or shelving scheme
Koha item type MONOGRAPH
Holdings
Withdrawn status Lost status Source of classification or shelving scheme Damaged status Not for loan Collection code Permanent Location Current Location Shelving location Date acquired Source of acquisition Cost, normal purchase price Full call number Barcode Date last seen Price effective from Koha item type
          Main Library Open Access Collection CBU-MAIN LIBRARY, KITWE. CBU-MAIN LIBRARY, KITWE. General Stacks 01/30/2025 BOOK AID INTERNATIONAL 35.95 LB 2806 Lum 753404 01/30/2025 01/30/2025 MONOGRAPH